Le quiz des Maîtres - Statistiques

Statistiques générales
  • Ce quiz a été pris 2 124 fois
  • Le résultat moyen est 12 sur 20
Statistiques - réponses
Indice Maître % Correct
Celui qui est, sur un arbre, perché Maître {Corbeau}
97%
Célèbre réplique de Jack, sur le Titanic : "Je suis le Maître du {monde} !"
94%
Il s'occupe de la sécurité à la piscine Maître-{nageur}
94%
Instituteur Maître d'{école}
91%
T'enseigner la Force, il peut Maître {Yoda}
91%
Celui qui est alléché par l'odeur d'un fromage Maître {Renard}
87%
Personne en charge de la réalisation d'un ouvrage Maître d'{œuvre}
80%
Il coordonne le personnel d'un restaurant Maître d'{hôtel}
75%
Vous les affronterez en duels au Fort Boyard Maîtres du {Temps}
74%
Il dirige et anime une fête, un spectacle Maître de {cérémonie}
67%
Il tente d'extorquer de l'argent Maître-{chanteur}
65%
Il enseigne l'escrime Maître d'{armes}
63%
Enseignant-chercheur titulaire Maître de {conférence}
55%
Aussi appelé agent cynophile Maître-{chien}
54%
Ancien nom de scène de Gandhi Djuna Maître {Gims}
41%
Ancien ninja ayant muté en souris Maître {Splinter}
41%
"Par le pouvoir du crâne ancestral !" Maîtres de l'{Univers}
31%
Célèbre verbicruciste, expert en bonne grammaire Maître {Capello}
21%
Roman uchronique de Philip K. Dick Maître du {Haut} {Château}
10%
Modèle de communication utilisé en informatique Maître-{esclave}
8%
Aucun quiz correspondant
Distribution des résultats
% des personnes avec chaque résultat
Percentile par nombre de réponses
Votre historique - résultats
Vous n’avez pas pris ce quiz